| 000 | 01756nam a2200397 c 4500 | ||
|---|---|---|---|
| 001 | 23728 | ||
| 003 | ES-MaCES | ||
| 005 | 20150929135730.0 | ||
| 008 | 110425s2011 sp l o000 | spa d | ||
| 017 |
_aBI 700-2011 _bDL |
||
| 035 | _aCES20110003317m | ||
| 040 |
_aES-MaCES _bspa _cES-MaCES |
||
| 041 | 0 |
_aspa _abaq |
|
| 110 | 2 |
_aConsejo Económico y Social Vasco _92447 |
|
| 245 | 1 | 0 |
_aDictamen 3-11 sobre el Proyecto de Decreto del procedimiento de acceso al servicio público integral de mediación familiar de la Comunidad Autónoma de Euskadi _b: Bilbao, 9 de marzo de 2011 _cConsejo Económico y Social Vasco = Irizpena 3-11 Euskal Autonomia erkidegoko familia bitartekotzaren zerbitzu publiko integralerako sarbide prozeduraren Dekretu Proiektuari Buruzkoa, Bilbon, 2011ko martxoak 9 / Euskadiko Ekonomia eta Gizarte Arazoetarako Batzordea |
| 260 |
_aBilbao = Bilbon _bCES _c[2011] |
||
| 300 |
_a8 p. dup. _c24 cm |
||
| 500 | _aTít. tomado de ports. paralelas | ||
| 500 | _aTexto en castellano y euskera | ||
| 541 | _cGratuito | ||
| 650 | 4 |
_afamilia _927318 |
|
| 650 | 4 |
_aconflicto _927304 |
|
| 650 | 4 |
_aarreglo de conflicto _927305 |
|
| 650 | 4 |
_amediación _929897 |
|
| 650 | 4 |
_apolítica familiar _930329 |
|
| 650 | 4 |
_aprocedimiento administrativo _930919 |
|
| 650 | 4 |
_aPaís Vasco _930799 |
|
| 650 | 4 |
_arégimen jurídico _929894 |
|
| 650 | 4 |
_adictamen _930802 |
|
| 653 | 1 | 0 | _aAsuntos Sociales |
| 650 | 4 |
_927056 _aservicios sociales |
|
| 740 | 0 | 2 | _aIrizpena 3-11 Euskal Autonomia erkidegoko familia bitartekotzaren zerbitzu publiko integralerako sarbide prozeduraren Dekretu Proiektuari buruzkoa, Bilbon 2011ko martxoak 9 |
| 902 | _aLIB Libro | ||
| 942 |
_2CES _cBK _h3.3. |
||
| 999 |
_c23728 _d23728 |
||